In Extremo - Der Rattenfänger Lyrics Quiz - Statistiken

Allgemein
  • Dieses Quiz wurde 4 mal gespielt
  • Das Durchschnittsergebnis liegt bei 118 aus 222
Antwortstatistiken
Antwort % Korrekt
bin
100%
ein
100%
Ich
100%
ich
100%
Ratten
100%
Rattenfänger
100%
Akkord
50%
alle
50%
allen
50%
Allen
50%
altberühmte
50%
an
50%
angetan
50%
auch
50%
auf
50%
Bei
50%
besonders
50%
bezwingt
50%
Dann
50%
dem
50%
Den
50%
der
50%
Der
50%
die
50%
diese
50%
diesen
50%
einen
50%
er
50%
ers
50%
Euch
50%
fort
50%
ganzen
50%
Gehen
50%
Gelegentlich
50%
Gesang
50%
gewandte
50%
Gewiss
50%
goldenen
50%
greif
50%
Greif
50%
Greife
50%
hat
50%
Hohn
50%
Hole
50%
im
50%
in
50%
In
50%
ist
50%
Jagd
50%
keinem
50%
Kinderfänger
50%
Knaben
50%
langt
50%
liebesbang
50%
Lohn
50%
Mädchen
50%
Mädchenfänger
50%
mancher
50%
Märchen
50%
meine
50%
meinen
50%
mir
50%
mit
50%
Mit
50%
Mitunter
50%
müssen
50%
Nacht
50%
nicht
50%
noch
50%
nötig
50%
nun
50%
öde
50%
Ort
50%
Pack
50%
rein
50%
Saiten
50%
Sänger
50%
säubere
50%
sein
50%
Sie
50%
sie
50%
singt
50%
so
50%
Spiele
50%
Spott
50%
spröde
50%
Stadt
50%
Städtchen
50%
stutzig
50%
trutzig
50%
Und
50%
und
50%
Verlasse
50%
viel
50%
viele
50%
vielgereiste
50%
Von
50%
wären
50%
Wären
50%
wärens
50%
Weiber
50%
Wenn
50%
Wiesel
50%
Wildesten
50%
wird
50%
Wo
50%
wohlbekannte
50%
Zaubersaiten
50%
zum
50%
Doch
0%
gutgelaunte
0%
seöbst
0%
Keine übereinstimmenden Quizze gefunden
Verteilung der Resultate
Anzahl Personen mit jedem Resultat
Perzentil nach korrekt beantworteten Fragen
Ihre Resultats-Entwicklung
Sie haben dieses Quiz noch nicht gespielt